000 00892nam a22002771 4500
001 36018
003 BD-RjUL
005 20211209052423.0
008 140615r19601957ilu b 000 0 eng d
035 _a(BD-RjUL)36115
035 _a(OCoLC)231549
040 _aDLC
_cODaWU
_dOCoLC
_dDLC
_dBD-RjUL
_beng
041 _aeng
082 0 0 _a338.91
_bBAE 1960
100 1 _aBauer, P. T.
_q(Péter Tamás)
_912887
245 1 4 _aThe economics of under-developed countries /
_cby Peter T. Bauer and Basil S. Yamey.
260 _aChicago :
_bUniversity of Chicago Press ,
_c1957 [rep.1960]
300 _a271 p. ;
_c20 cm.
490 0 _aThe Cambridge economic handbooks
504 _aBibliographical footnotes.
650 0 _aEconomic development.
_9109660
651 0 _aDeveloping countries.
_9109661
700 1 _aYamey, Basil S.
_ejoint author.
_912255
942 _2ddc
_cBK
999 _c36018
_d36018